Score 0/18 Timer 02:00
0 Plays Today
Clue 5-Letter Word % Correct
Ladder 2WRITE
91.1%
Ladder 1WHINE
84.5%
Ladder 2BLINK
82.2%
Ladder 1THANK
80.3%
Ladder 1THINK
79.9%
Ladder 1SHANK
79.4%
Ladder 1WHITE
77%
Ladder 2WHITE
77%
Ladder 1BLACK
76.8%
Clue 5-Letter Word % Correct
Ladder 2BLACK
76.8%
Ladder 2BLANK
76%
Ladder 1THINE
75.9%
Ladder 1SHACK
74%
Ladder 1SLACK
71.1%
Ladder 2BRINK
67.3%
Ladder 2BRINE
62.8%
Ladder 2TRITE
62.6%
Ladder 2TRINE
55.7%

Today's Daily Dose

Remove Ads.
Support Sporcle.
Get the best of Sporcle when you Go Orange. This ad-free experience offers more features, more stats, and more fun while also helping to support Sporcle. Thank you for becoming a member.

You're not logged in!

Compare scores with friends on all Sporcle quizzes.
OR
Log In

Show Comments

Extras

Top Quizzes Today


Score Distribution

Your Account Isn't Verified!

In order to create a playlist on Sporcle, you need to verify the email address you used during registration. Go to your Sporcle Settings to finish the process.

Report this User

Report this user for behavior that violates our Community Guidelines.

Details: